NLSUI OPAC header image

Emerging legal certainity : Empirical studies on the globalization of law (Record no. 28329)

MARC details
000 -LEADER
fixed length control field 00456nam a2200157Ia 4500
008 - FIXED-LENGTH DATA ELEMENTS--GENERAL INFORMATION
fixed length control field 160316s1998 xxu||||| |||| 00| 0 eng d
082 ## - DEWEY DECIMAL CLASSIFICATION NUMBER
Classification number 340.000000
Item number GES
100 ## - MAIN ENTRY--PERSONAL NAME
Personal name Gessner Volkmar
245 ## - TITLE STATEMENT
Title Emerging legal certainity : Empirical studies on the globalization of law
250 ## - EDITION STATEMENT
Edition statement
260 ## - PUBLICATION, DISTRIBUTION, ETC.
Place of publication, distribution, etc. Aldershot
Name of publisher, distributor, etc. Ashgate
Date of publication, distribution, etc. 1998
300 ## - PHYSICAL DESCRIPTION
Extent 456p
Other physical details
Dimensions
365 ## - TRADE PRICE
Price amount Rs. 6,083
650 ## - SUBJECT ADDED ENTRY--TOPICAL TERM
Topical term or geographic name entry element 1. Law - International Unification
700 ## - ADDED ENTRY--PERSONAL NAME
Personal name Budak Ali Cem
--
Holdings
Withdrawn status Lost status Damaged status Not for loan Home library Current library Shelving location Date acquired Cost, normal purchase price Total Checkouts Full call number Barcode Date last seen Price effective from Koha item type
        . . Library Compactors 30.05.2017 6083.00   340 GES 25736 30.05.2017 30.05.2017 BOOKs